00789nam a22002177a 450000500170000001000110001702000100002803500110003803700160004908200190006524500720008426000580015627000150021430000240022965000330025365000510028670000250033794200280036299900190039095201620040920170124110053.0 a712676 c00.00 a712676 bCen Lib/Ret a658.30954bDYN aDynamics of personel management in india /cedited by R.D. Agarwal  aNew Delhi bTata McGraw-Hill Publishing Companyc1973 bNew Delhi  axv, 323p.c20cm(Hb) aPersonel management 925806 aAdministrative and management problems 925807 aAgarwal, R.D.917245 2ddccENh658.30954mDYN c129238d129238 04104070aLbLd2015-07-04eCen Lib/Retg0.00l0o658.30954 DYNp712676r2015-07-04 00:00:00t1v0.00w2015-07-04yENzW/d List No. 6884/5 ; dtd 05/09/2020